Introduction to Broadcasting (Record no. 3985)

MARC details
000 -LEADER
fixed length control field 00372nam a22001457a 4500
008 - FIXED-LENGTH DATA ELEMENTS--GENERAL INFORMATION
fixed length control field 250626b |||||||| |||| 00| 0 eng d
020 ## - INTERNATIONAL STANDARD BOOK NUMBER
ISBN 9789785640666
100 ## - MAIN ENTRY--AUTHOR
Author Azubuike, Chieme
245 ## - TITLE STATEMENT
Title Introduction to Broadcasting
260 ## - PUBLICATION, DISTRIBUTION, ETC. (IMPRINT)
Place of publication Enugu
Name of publisher Rhyce Kerex Publishers
Date of publication 2019
300 ## - COLLATION
Pagination 260p
650 ## - TRACINGS
Main Subject Broadcasting
942 ## - ADDED ENTRY ELEMENTS (KOHA)
Item type Books
050 ## - LIBRARY OF CONGRESS CALL NUMBER
Classification number PN 1990.8
Item number .A98
Holdings
Source of classification or shelving scheme Not for loan Permanent location Current location Date acquired Accession No. Full call number Barcode. Koha item type
Dewey Decimal Classification   Samuel Ogbemudia Main Library, University of Abuja Samuel Ogbemudia Main Library, University of Abuja 06/26/2025 2024/62278 PN 1990.8 .A98 2025-2692 Books